| 000 | 01828nam a2200397 a 4500 | ||
|---|---|---|---|
| 001 | ebr10574650 | ||
| 003 | CaPaEBR | ||
| 006 | m u | ||
| 007 | cr cn||||||||| | ||
| 008 | 090504s2008 za a s 000 0 eng d | ||
| 010 | _z 2009319490 | ||
| 020 | _z998224051X | ||
| 020 | _z9789982240512 | ||
| 020 | _z9789982240635 (e-book) | ||
| 040 |
_aCaPaEBR _cCaPaEBR |
||
| 035 | _a(OCoLC)801412947 | ||
| 043 |
_af-za--- _af------ |
||
| 050 | 1 | 4 |
_aDT1949.S425 _bS57 2008eb |
| 082 | 0 | 4 |
_a361.26096894 _222 |
| 245 | 0 | 2 |
_aA house in Zambia _h[electronic resource] : _brecollections of the ANC and Oxfam at 250 Zambezi Road, Lusaka, 1967-97 / _cedited by Robin Palmer. |
| 260 |
_aLusaka, Zambia : _bBookworld Publishers, _c2008. |
||
| 300 |
_axiii, 169 p. : _bill. |
||
| 505 | 0 | _apt. 1. Background -- pt. 2. The Oxfam representatives in Zambia -- pt. 3. The Oxfam desk officer and regional manager -- pt. 4. The incredible Oxfam support staff -- pt. 5. Some friends of Oxfam -- pt. 6. Two postscripts, 2004-05 -- pt. 7. Closing thoughts. | |
| 533 |
_aElectronic reproduction. _bPalo Alto, Calif. : _cebrary, _d2011. _nAvailable via World Wide Web. _nAccess may be limited to ebrary affiliated libraries. |
||
| 600 | 1 | 0 |
_aSimons, H. J. _q(Harold Jack) _xHomes and haunts _zZambia. |
| 600 | 1 | 0 |
_aSimons, R. E. _q(Ray Esther) _xHomes and haunts _zZambia. |
| 600 | 1 | 0 | _aSmith, Susanna. |
| 610 | 2 | 0 |
_aOXFAM-Zambia _xHistory. |
| 650 | 0 |
_aHumanitarian assistance, British _zZambia. |
|
| 650 | 0 |
_aCivil rights workers _zZambia. |
|
| 650 | 0 |
_aAnti-apartheid activists _zSouth Africa _vBiography. |
|
| 655 | 7 |
_aElectronic books. _2local |
|
| 700 | 1 | _aPalmer, Robin. | |
| 710 | 2 | _aebrary, Inc. | |
| 856 | 4 | 0 |
_uhttp://site.ebrary.com/lib/rucke/Doc?id=10574650 _zAn electronic book accessible through the World Wide Web; click to view |
| 999 |
_c78885 _d78885 |
||